000 00675nam a2200181 a 4500
001 000027852
005 20200930031140.0
008 110405s1925 dr r 000 0 spa d
040 _aDO-SdBNP
_bspa
_cBNPHU
082 _axxxx
_bL791b, 1925
100 1 _aLlaverías, Federico
_910157
245 1 0 _aBosquejo histórico de la ciudad de la Santo Domingo de los resto de Colón, i del faro a Colón /
_cFederico Llaverías.
250 _a3a ed.
260 _aSanto Domingo :
_bImprenta de J. R. vda. García,
_c1925.
300 _a89 p. :
_bil. ;
_c18 cm.
500 _aIncluye notas al pie de las páginas
500 _aIncluye apéndice Carta de Don Emiliano Tejera : p. [77]-89.
999 _c27344
_d27344